书目信息 |
| 题名: |
审美人类学与区域文化建设
|
|
| 作者: | 覃德清 著 | |
| 分册: | ||
| 出版信息: | 北京 人民日报出版社 2014 |
|
| 页数: | 268页 | |
| 开本: | 24cm | |
| 丛书名: | 审美人类学丛书 | |
| 单 册: | ||
| 中图分类: | B83-05 , G127 | |
| 科图分类: | ||
| 主题词: | 审美--文化人类学--研究--中国 , 区域文化--建设--研究--中国 | |
| 电子资源: | ||
| ISBN: | 978-7-5115-2231-3 | |
| 000 | 01133nam0 2200301 450 | |
| 001 | 339597 | |
| 005 | 20150608160948.09 | |
| 010 | @a978-7-5115-2231-3@dCNY52.00 | |
| 100 | @a20140611d2013 em y0chiy50 ea | |
| 101 | 0 | @achi |
| 102 | @aCN@b110000 | |
| 105 | @ay z 000yy | |
| 106 | @ar | |
| 200 | 1 | @a审美人类学与区域文化建设@Ashen mei ren lei xue yu qu yu wen hua jian she@f覃德清著 |
| 210 | @a北京@c人民日报出版社@d2014 | |
| 215 | @a268页@d24cm | |
| 225 | 1 | @a审美人类学丛书@h第二辑@f张利群,覃德清主编 |
| 300 | @a人民日报学术文库 | |
| 300 | @a广西重点人文社科基地“审美人类学研究中心”项目成果 | |
| 330 | @a本书介绍了审美人类学的学理基础、审美人类学的价值取向、审美人类学的建构策略、中国民族民间文艺学价值的激扬、审美人类学与后现代精神、审美人类学与非物质文化遗产保护、中国审美人类学的探索与实践、漓江流域人文根基与审美文化的传承等。 | |
| 410 | 0 | @12001 @a审美人类学丛书 |
| 606 | 0 | @a审美@x文化人类学@x研究@y中国 |
| 606 | 0 | @a区域文化@x建设@x研究@y中国 |
| 690 | @aB83-05@v5 | |
| 690 | @aG127@v5 | |
| 701 | 0 | @a覃德清@Atan de qing@f(1963)@4著 |
| 801 | 0 | @aCN@b卓展宏图@c20150525 |
| 905 | @dB83-05@e291@f4 | |
| 审美人类学与区域文化建设/覃德清著.-北京:人民日报出版社,2014 |
| 268页;24cm.-(审美人类学丛书.第二辑/张利群,覃德清主编) |
| 人民日报学术文库.-广西重点人文社科基地“审美人类学研究中心”项目成果 |
| ISBN 978-7-5115-2231-3:CNY52.00 |
| 本书介绍了审美人类学的学理基础、审美人类学的价值取向、审美人类学的建构策略、中国民族民间文艺学价值的激扬、审美人类学与后现代精神、审美人类学与非物质文化遗产保护、中国审美人类学的探索与实践、漓江流域人文根基与审美文化的传承等。 |
| ● |
| 相关链接 |
|
|
|
|
正题名:审美人类学与区域文化建设
索取号:B83-05/291
 
预约/预借
| 序号 | 登录号 | 条形码 | 馆藏地/架位号 | 状态 | 备注 |
| 1 | 863294 | 208632942 | 第一样本阅览室/ [索取号:B83-05/291] | 在馆 | |
| 2 | 863295 | 208632951 | 第一借阅区/ [索取号:B83-05/291] | 在馆 | |
| 3 | 863296 | 208632960 | 第一借阅区/ [索取号:B83-05/291] | 在馆 | |
| 4 | 863297 | 208632979 | 第一借阅区/ [索取号:B83-05/291] | 在馆 |